Tratado de procedimientos generales de construcción : (Record no. 19902)

000 -CABECERA
fixed length control field 00809nam a22002297a 4500
003 - IDENTIFICADOR DEL NÚMERO DE CONTROL
control field AR-CdUCM
008 - DATOS DE LONGITUD FIJA--INFORMACIÓN GENERAL
fixed length control field 190515b ||||| |||| 00| 0 spa d
020 ## - NÚMERO INTERNACIONAL ESTÁNDAR DEL LIBRO
ISBN 84 - 291 - 2033 - 5
040 ## - FUENTE DE LA CATALOGACIÓN
Agencia/entidad que catalogó originalmente la obra MUNICIPALIDAD PROVINCIAL DEL CUSCO
Entidad que transcribió la catalogación BIBLIOTECA MUNICIPAL DEL CUSCO
082 ## - NÚMERO DE LA CLASIFICACIÓN DECIMAL DEWEY
No. de Clasificación 624 /
Notacion interna G81
No. de la edición 2ed.
100 ## - ENTRADA PRINCIPAL--NOMBRE DE PERSONA
Nombre Personal Galabru, Paul /
245 ## - MENCIÓN DE TÍTULO
Título Tratado de procedimientos generales de construcción :
Resto del título Cimentaciones y túneles /
260 ## - PUBLICACIÓN, DISTRIBUCIÓN, ETC.
Lugar de publicación, distribución, etc. Barcelona :
Nombre de la editorial, distribuidor, etc. Reverté,
Fecha de publicación, distribución, etc. 1977.
300 ## - DESCRIPCIÓN FÍSICA
Nº de Páginas Extensión 420 páginas ;
Dimensiones 23 cm.
Otros detalles físicos Ilustraciones a b/n
505 ## - NOTA DE CONTENIDO CON FORMATO
Nota de contenido formateada Contenido : Pilotes de madera -- Pilotes prefabricados de hormigón -- Tablestacas...
650 ## - PUNTO DE ACCESO ADICIONAL DE MATERIA--TÉRMINO DE MATERIA
Descriptor Maquinaria
9 (RLIN) 39501
650 ## - PUNTO DE ACCESO ADICIONAL DE MATERIA--TÉRMINO DE MATERIA
Descriptor Obra
9 (RLIN) 1250
650 ## - PUNTO DE ACCESO ADICIONAL DE MATERIA--TÉRMINO DE MATERIA
Descriptor Tierra
9 (RLIN) 337
650 ## - PUNTO DE ACCESO ADICIONAL DE MATERIA--TÉRMINO DE MATERIA
Descriptor Pilotes
9 (RLIN) 41610
942 ## - ELEMENTOS DE PUNTO DE ACCESO ADICIONAL (KOHA)
Fuente de clasificación
Tipo de item Libros-BMC
945 ## - PROCESAMIENTO DE INFORMACIÓN LOCAL (OCLC)
Catalogador Andy
AAAA-MM-DD - Fecha de ingreso o modificacion 2019-05-23
Holdings
Estado de retiro (separado) Fuente de clasificación o esquema de estanterías Estado dañado Ubicación Sala donde se ubica Nombre de la colección Fecha de adquisición o compra Costo, precio normal en soles Signatura topográfica Código de Barras Última vez visto (Koha) Tipo de ítem (Koha)
No     Sala Humanidades Administrador-biblioteca Book Cart 2019-05-23 15.00 350.8242 / G18 SH0000015204 2019-05-23 Libros-BMC

Powered by Koha